[Event "World Team Chess Championship"]
[Site "Khanty-Mansiysk, RUS."]
[Date "2017.06.25"]
[Round "8.8"]
[White "Hauge Lars Oskar (NOR)"]
[Black "Li Chao B (CHN)"]
[Result "0-1"]
[BlackElo "2720"]
[WhiteElo "2448"]
[LiveChessVersion "1.4.8"]

1. e4 {[%clk 1:30:58]} c5 {[%clk 1:30:48]} 2. Nf3 {[%clk 1:31:24]} Nc6
{[%clk 1:31:04]} 3. d4 {[%clk 1:31:37]} cxd4 {[%clk 1:31:26]} 4. Nxd4
{[%clk 1:32:03]} e5 {[%clk 1:31:41]} 5. Nb5 {[%clk 1:31:39]} a6 {[%clk 1:32:02]}
6. Nd6+ {[%clk 1:31:40]} Bxd6 {[%clk 1:32:25]} 7. Qxd6 {[%clk 1:32:08]} Qe7
{[%clk 1:32:43]} 8. Qd1 {[%clk 1:28:23]} Nf6 {[%clk 1:32:55]} 9. Nc3
{[%clk 1:28:43]} d6 {[%clk 1:33:16]} 10. Bg5 {[%clk 1:20:03]} Be6
{[%clk 1:33:28]} 11. Nd5 {[%clk 1:08:57]} Bxd5 {[%clk 1:33:48]} 12. exd5
{[%clk 1:09:16]} Nb8 {[%clk 1:34:11]} 13. a4 {[%clk 1:06:38]} h6 {[%clk 1:28:34]}
14. Be3 {[%clk 1:06:50]} a5 {[%clk 1:25:32]} 15. Be2 {[%clk 0:58:56]} Nbd7
{[%clk 1:24:20]} 16. c3 {[%clk 0:56:06]} e4 {[%clk 1:17:14]} 17. Qd4
{[%clk 0:51:24]} O-O {[%clk 1:15:46]} 18. O-O {[%clk 0:51:13]} Nc5
{[%clk 1:10:51]} 19. Ra3 {[%clk 0:49:22]} Nfd7 {[%clk 1:06:40]} 20. Bb5
{[%clk 0:41:29]} f5 {[%clk 1:06:12]} 21. b4 {[%clk 0:41:49]} Na6 {[%clk 1:04:58]}
22. Re1 {[%clk 0:40:42]} Ne5 {[%clk 0:56:18]} 23. Bf4 {[%clk 0:37:58]} Ng6
{[%clk 0:55:55]} 24. Bd2 {[%clk 0:36:03]} Qf7 {[%clk 0:49:16]} 25. Raa1
{[%clk 0:34:10]} Kh7 {[%clk 0:44:03]} 26. Kh1 {[%clk 0:34:16]} axb4
{[%clk 0:39:47]} 27. cxb4 {[%clk 0:34:35]} Nc7 {[%clk 0:40:12]} 28. Bc4
{[%clk 0:32:30]} Ne5 {[%clk 0:39:48]} 29. Bb3 {[%clk 0:32:37]} Ne8
{[%clk 0:31:26]} 30. a5 {[%clk 0:26:08]} Nf6 {[%clk 0:31:32]} 31. b5
{[%clk 0:25:29]} Qh5 {[%clk 0:28:35]} 32. Re3 {[%clk 0:14:30]} f4
{[%clk 0:20:13]} 33. Rxe4 {[%clk 0:09:16]} Neg4 {[%clk 0:07:39]} 34. Bxf4
{[%clk 0:09:22]} Nxf2+ {[%clk 0:07:10]} 35. Qxf2 {[%clk 0:09:49]} Nxe4
{[%clk 0:07:34]} 36. Bc2 {[%clk 0:09:04]} Rae8 {[%clk 0:04:18]} 37. Qf3
{[%clk 0:07:36]} Qg6 {[%clk 0:03:35]} 38. a6 {[%clk 0:05:11]} bxa6
{[%clk 0:02:55]} 39. bxa6 {[%clk 0:05:05]} Ng3+ {[%clk 0:01:49]} 40. hxg3
{[%clk 0:35:30]} Qxc2 {[%clk 0:32:14]} 41. Qg4 {[%clk 0:35:38]} Re2
{[%clk 0:24:49]} 42. Qf3 {[%clk 0:25:25]} Rf2 {[%clk 0:22:54]} 43. Qd1
{[%clk 0:25:29]} Qe4 {[%clk 0:23:08]} 44. Qb1 {[%clk 0:25:46]} Rc2
{[%clk 0:23:12]} 45. Qf1 {[%clk 0:25:25]} Qxd5 {[%clk 0:20:46]} 46. a7
{[%clk 0:25:45]} Rf5 {[%clk 0:15:59]} 47. Re1 {[%clk 0:23:02]} Ra2
{[%clk 0:14:46]} 48. Re7 {[%clk 0:22:49]} Qd4 {[%clk 0:13:48]} 0-1

[Event "World Team Chess Championship"]
[Site "Khanty-Mansiysk, RUS."]
[Date "2017.06.25"]
[Round "8.11"]
[White "Sasikiran Krishnan (IND)"]
[Black "Matlakov Maxim (RUS)"]
[Result "1/2-1/2"]
[BlackElo "2714"]
[WhiteElo "2669"]
[LiveChessVersion "1.4.8"]

1. e4 {[%clk 1:30:57]} c5 {[%clk 1:30:53]} 2. Nf3 {[%clk 1:31:12]} Nc6
{[%clk 1:31:18]} 3. Nc3 {[%clk 1:31:23]} g6 {[%clk 1:31:11]} 4. d4
{[%clk 1:31:40]} cxd4 {[%clk 1:31:19]} 5. Nxd4 {[%clk 1:31:59]} Bg7
{[%clk 1:31:41]} 6. Be3 {[%clk 1:31:56]} Nf6 {[%clk 1:31:57]} 7. Bc4
{[%clk 1:32:07]} Qa5 {[%clk 1:31:54]} 8. O-O {[%clk 1:31:22]} O-O
{[%clk 1:30:13]} 9. Bb3 {[%clk 1:31:32]} d6 {[%clk 1:29:57]} 10. h3
{[%clk 1:30:23]} Bd7 {[%clk 1:30:06]} 11. Re1 {[%clk 1:29:29]} Rac8
{[%clk 1:25:27]} 12. Qd2 {[%clk 1:25:49]} Qa6 {[%clk 1:14:15]} 13. f4
{[%clk 1:20:02]} Rfd8 {[%clk 1:08:44]} 14. Rad1 {[%clk 1:16:54]} b5
{[%clk 0:33:07]} 15. Ndxb5 {[%clk 1:01:35]} Nxe4 {[%clk 0:32:39]} 16. Qd5
{[%clk 0:57:21]} Nf6 {[%clk 0:31:52]} 17. Qxf7+ {[%clk 0:54:59]} Kh8
{[%clk 0:32:18]} 18. Qc4 {[%clk 0:52:25]} Qb7 {[%clk 0:29:41]} 19. Qe2
{[%clk 0:44:38]} Rf8 {[%clk 0:28:52]} 20. Rf1 {[%clk 0:38:01]} Nh5
{[%clk 0:26:19]} 21. Rf3 {[%clk 0:35:30]} a6 {[%clk 0:23:21]} 22. Nd4
{[%clk 0:27:49]} Nxd4 {[%clk 0:20:02]} 23. Bxd4 {[%clk 0:27:45]} Bc6
{[%clk 0:20:09]} 24. Bxg7+ {[%clk 0:25:54]} Kxg7 {[%clk 0:19:35]} 25. Nd5
{[%clk 0:25:20]} Bxd5 {[%clk 0:14:50]} 26. Bxd5 {[%clk 0:25:26]} Qa7+
{[%clk 0:15:19]} 27. Qe3 {[%clk 0:24:19]} Qxe3+ {[%clk 0:15:44]} 28. Rxe3
{[%clk 0:24:42]} Rxc2 {[%clk 0:16:07]} 29. Rxe7+ {[%clk 0:20:36]} Kh6
{[%clk 0:16:13]} 30. f5 {[%clk 0:19:55]} Rxb2 {[%clk 0:14:40]} 31. Be4
{[%clk 0:14:31]} Ng3 {[%clk 0:09:49]} 32. fxg6 {[%clk 0:12:21]} hxg6
{[%clk 0:07:28]} 33. Rxd6 {[%clk 0:10:13]} Nxe4 {[%clk 0:07:52]} 34. Rxe4
{[%clk 0:10:40]} Rxa2 {[%clk 0:08:08]} 35. Ree6 {[%clk 0:10:10]} Rg8
{[%clk 0:08:31]} 36. Rxa6 {[%clk 0:10:24]} Rxa6 {[%clk 0:08:56]} 37. Rxa6
{[%clk 0:10:48]} Rb8 {[%clk 0:09:16]} 38. Rf6 {[%clk 0:09:21]} Rb3
{[%clk 0:09:32]} 39. Kh2 {[%clk 0:09:02]} Kg5 {[%clk 0:09:53]} 40. Rf3
{[%clk 0:38:50]} Rxf3 {[%clk 0:38:56]} 41. gxf3 {[%clk 0:39:11]} Kf4
{[%clk 0:39:24]} 42. Kg2 {[%clk 0:39:23]} g5 {[%clk 0:39:49]} 43. Kf2
{[%clk 0:39:07]} Ke5 {[%clk 0:38:03]} 44. Kg3 {[%clk 0:39:11]} Kf5
{[%clk 0:38:29]} 45. h4 {[%clk 0:38:47]} gxh4+ {[%clk 0:38:53]} 46. Kxh4
{[%clk 0:39:14]} Kf4 {[%clk 0:39:19]} 47. Kh5 {[%clk 0:39:39]} Kxf3
{[%clk 0:39:44]} 1/2-1/2

[Event "World Team Chess Championship"]
[Site "Khanty-Mansiysk, RUS."]
[Date "2017.06.25"]
[Round "8.12"]
[White "Fedoseev Vladimir (RUS)"]
[Black "Negi Parimarjan (IND)"]
[Result "1-0"]
[BlackElo "2670"]
[WhiteElo "2690"]
[LiveChessVersion "1.4.8"]

1. e4 {[%clk 1:30:57]} e5 {[%clk 1:30:19]} 2. Nf3 {[%clk 1:31:05]} Nc6
{[%clk 1:30:10]} 3. Bc4 {[%clk 1:31:25]} Bc5 {[%clk 1:28:57]} 4. d3
{[%clk 1:31:33]} Nf6 {[%clk 1:28:49]} 5. O-O {[%clk 1:31:43]} d6 {[%clk 1:28:47]}
6. a4 {[%clk 1:31:21]} h6 {[%clk 1:27:33]} 7. c3 {[%clk 1:29:15]} a6
{[%clk 1:27:45]} 8. Re1 {[%clk 1:26:23]} O-O {[%clk 1:27:57]} 9. h3
{[%clk 1:26:38]} Re8 {[%clk 1:26:19]} 10. Nbd2 {[%clk 1:23:46]} Ba7
{[%clk 1:21:43]} 11. Qb3 {[%clk 1:16:59]} Qe7 {[%clk 1:13:34]} 12. a5
{[%clk 1:13:31]} Rb8 {[%clk 1:13:38]} 13. Nf1 {[%clk 1:13:28]} Be6
{[%clk 1:13:41]} 14. Be3 {[%clk 1:11:24]} Bxc4 {[%clk 1:09:46]} 15. Qxc4
{[%clk 1:11:20]} Qd7 {[%clk 1:04:34]} 16. b4 {[%clk 1:07:27]} Qe6
{[%clk 0:57:30]} 17. Qxe6 {[%clk 1:05:58]} Rxe6 {[%clk 0:57:20]} 18. Bxa7
{[%clk 1:05:28]} Nxa7 {[%clk 0:57:41]} 19. Ne3 {[%clk 1:03:54]} Rd8
{[%clk 0:56:36]} 20. c4 {[%clk 1:03:36]} c6 {[%clk 0:55:59]} 21. Nd2
{[%clk 0:51:00]} d5 {[%clk 0:48:57]} 22. exd5 {[%clk 0:44:12]} cxd5
{[%clk 0:49:20]} 23. Nb3 {[%clk 0:44:37]} g6 {[%clk 0:48:54]} 24. Reb1
{[%clk 0:41:58]} Re7 {[%clk 0:45:59]} 25. Nc5 {[%clk 0:40:10]} Rc7
{[%clk 0:33:46]} 26. Na4 {[%clk 0:39:56]} d4 {[%clk 0:24:37]} 27. Nf1
{[%clk 0:36:25]} e4 {[%clk 0:24:31]} 28. Nd2 {[%clk 0:36:35]} exd3
{[%clk 0:23:59]} 29. Nb2 {[%clk 0:35:49]} Nc8 {[%clk 0:23:17]} 30. Ra3
{[%clk 0:34:43]} Nd6 {[%clk 0:21:43]} 31. Rxd3 {[%clk 0:34:01]} Nde4
{[%clk 0:21:29]} 32. Nb3 {[%clk 0:21:56]} Nc3 {[%clk 0:20:45]} 33. Re1
{[%clk 0:20:23]} Na2 {[%clk 0:16:57]} 34. b5 {[%clk 0:20:38]} axb5
{[%clk 0:14:41]} 35. cxb5 {[%clk 0:18:44]} Rd5 {[%clk 0:10:51]} 36. b6
{[%clk 0:13:15]} Rc3 {[%clk 0:10:15]} 37. Re7 {[%clk 0:12:07]} Nb4
{[%clk 0:07:10]} 38. Rf3 {[%clk 0:11:41]} Rxf3 {[%clk 0:03:38]} 39. gxf3
{[%clk 0:12:06]} Nd7 {[%clk 0:03:57]} 40. Re8+ {[%clk 0:40:47]} Kg7
{[%clk 0:33:59]} 41. Rc8 {[%clk 0:41:10]} Nc6 {[%clk 0:20:11]} 42. Rc7
{[%clk 0:26:16]} Nxb6 {[%clk 0:12:44]} 43. Rxb7 {[%clk 0:23:14]} Nc8
{[%clk 0:13:04]} 44. Nc4 {[%clk 0:22:25]} d3 {[%clk 0:12:28]} 45. a6
{[%clk 0:21:48]} Nd4 {[%clk 0:08:53]} 46. Nbd2 {[%clk 0:19:02]} Nb5
{[%clk 0:09:01]} 47. f4 {[%clk 0:18:26]} Rc5 {[%clk 0:08:14]} 48. Kg2
{[%clk 0:17:40]} g5 {[%clk 0:07:30]} 49. Kf3 {[%clk 0:15:09]} gxf4
{[%clk 0:07:55]} 50. Kxf4 {[%clk 0:15:11]} h5 {[%clk 0:05:33]} 51. h4
{[%clk 0:14:23]} Kh6 {[%clk 0:03:36]} 52. Ke3 {[%clk 0:10:46]} Nba7
{[%clk 0:02:48]} 53. Rxf7 {[%clk 0:08:50]} Rc6 {[%clk 0:03:10]} 54. Ne5
{[%clk 0:07:48]} Rxa6 {[%clk 0:03:30]} 55. Ne4 {[%clk 0:07:59]} Re6
{[%clk 0:02:55]} 56. f4 {[%clk 0:07:51]} Nc6 {[%clk 0:03:19]} 57. Nxc6
{[%clk 0:07:51]} Rxc6 {[%clk 0:02:41]} 58. f5 {[%clk 0:08:13]} Rc4
{[%clk 0:01:31]} 59. Kxd3 {[%clk 0:08:34]} Ra4 {[%clk 0:01:45]} 60. Rc7
{[%clk 0:08:59]} Na7 {[%clk 0:01:20]} 61. Rb7 {[%clk 0:05:15]} Nc8
{[%clk 0:00:39]} 62. Rb8 {[%clk 0:05:15]} Na7 {[%clk 0:00:36]} 63. Rg8
{[%clk 0:05:29]} Ra6 {[%clk 0:00:38]} 64. f6 {[%clk 0:05:42]} Nc6
{[%clk 0:00:51]} 65. Nd6 {[%clk 0:03:35]} Ra7 {[%clk 0:00:35]} 66. Ke4
{[%clk 0:03:36]} Kh7 {[%clk 0:01:04]} 67. Rc8 {[%clk 0:03:02]} Ra4+
{[%clk 0:01:26]} 68. Kd5 {[%clk 0:03:18]} Kg6 {[%clk 0:01:34]} 69. f7
{[%clk 0:03:09]} Ne7+ {[%clk 0:01:03]} 70. Ke6 {[%clk 0:03:32]} Nxc8
{[%clk 0:00:51]} 71. f8=Q {[%clk 0:03:56]} Nxd6 {[%clk 0:01:15]} 72. Qg8+
{[%clk 0:04:15]} Kh6 {[%clk 0:01:40]} 73. Qg5+ {[%clk 0:04:37]} Kh7
{[%clk 0:02:00]} 74. Qxh5+ {[%clk 0:04:55]} Kg7 {[%clk 0:02:21]} 75. Qg5+
{[%clk 0:05:10]} Kh7 {[%clk 0:02:37]} 76. Qe7+ {[%clk 0:05:11]} Kg6
{[%clk 0:02:42]} 77. Kxd6 {[%clk 0:04:58]} Rg4 {[%clk 0:02:36]} 78. Ke5
{[%clk 0:05:16]} Kh6 {[%clk 0:02:35]} 79. Qf8+ {[%clk 0:05:38]} Kh5
{[%clk 0:02:33]} 80. Qh8+ {[%clk 0:06:03]} Kg6 {[%clk 0:02:52]} 81. Qg8+
{[%clk 0:06:28]} 1-0

[Event "World Team Chess Championship"]
[Site "Khanty-Mansiysk, RUS."]
[Date "2017.06.25"]
[Round "8.14"]
[White "Areshchenko Alexander (UKR)"]
[Black "Onischuk Alexander (USA)"]
[Result "1/2-1/2"]
[BlackElo "2685"]
[WhiteElo "2649"]
[LiveChessVersion "1.4.8"]

1. e4 {[%clk 1:30:57]} e5 {[%clk 1:30:47]} 2. Nf3 {[%clk 1:31:21]} Nc6
{[%clk 1:31:08]} 3. Bc4 {[%clk 1:31:46]} Bc5 {[%clk 1:31:06]} 4. O-O
{[%clk 1:32:01]} Nf6 {[%clk 1:30:26]} 5. d3 {[%clk 1:32:21]} O-O {[%clk 1:28:05]}
6. h3 {[%clk 1:32:44]} d6 {[%clk 1:27:13]} 7. c3 {[%clk 1:32:54]} h6
{[%clk 1:23:01]} 8. Re1 {[%clk 1:31:51]} a6 {[%clk 1:14:25]} 9. a4
{[%clk 1:29:49]} Ba7 {[%clk 1:14:10]} 10. Nbd2 {[%clk 1:29:45]} Be6
{[%clk 1:11:30]} 11. b4 {[%clk 1:28:06]} Re8 {[%clk 1:08:33]} 12. Bxe6
{[%clk 1:26:08]} Rxe6 {[%clk 1:07:12]} 13. Qc2 {[%clk 1:10:08]} Ne7
{[%clk 1:04:05]} 14. d4 {[%clk 1:03:38]} Ng6 {[%clk 1:03:58]} 15. Bb2
{[%clk 0:42:46]} c6 {[%clk 1:00:19]} 16. a5 {[%clk 0:40:39]} Qe7 {[%clk 0:53:30]}
17. c4 {[%clk 0:26:22]} exd4 {[%clk 0:41:54]} 18. Bxd4 {[%clk 0:26:07]} Qc7
{[%clk 0:39:40]} 19. Bxa7 {[%clk 0:21:19]} Rxa7 {[%clk 0:40:01]} 20. c5
{[%clk 0:18:13]} Ra8 {[%clk 0:33:48]} 21. cxd6 {[%clk 0:16:18]} Qxd6
{[%clk 0:28:31]} 22. e5 {[%clk 0:16:21]} Rxe5 {[%clk 0:28:05]} 23. Nxe5
{[%clk 0:16:39]} Nxe5 {[%clk 0:28:31]} 24. Ne4 {[%clk 0:14:23]} Qxb4
{[%clk 0:27:37]} 25. Nxf6+ {[%clk 0:11:51]} gxf6 {[%clk 0:28:02]} 26. Qf5
{[%clk 0:11:41]} Kg7 {[%clk 0:26:30]} 27. Re3 {[%clk 0:10:36]} b5
{[%clk 0:23:02]} 28. axb6 {[%clk 0:08:44]} Qxb6 {[%clk 0:23:25]} 29. Rb1
{[%clk 0:06:17]} Qc7 {[%clk 0:23:02]} 30. Rg3+ {[%clk 0:06:09]} Ng6
{[%clk 0:23:24]} 31. h4 {[%clk 0:06:16]} h5 {[%clk 0:22:20]} 32. Qxh5
{[%clk 0:06:07]} Rh8 {[%clk 0:20:46]} 33. Qg4 {[%clk 0:06:16]} Qe5
{[%clk 0:21:08]} 34. Qc4 {[%clk 0:02:50]} Rh5 {[%clk 0:18:38]} 35. Rd1
{[%clk 0:01:57]} Qb5 {[%clk 0:16:12]} 36. Qe4 {[%clk 0:01:10]} Qe5
{[%clk 0:12:37]} 37. Qg4 {[%clk 0:00:48]} Kh6 {[%clk 0:10:16]} 38. Re3
{[%clk 0:00:58]} Qc5 {[%clk 0:10:14]} 39. g3 {[%clk 0:01:07]} f5 {[%clk 0:07:13]}
40. Qd4 {[%clk 0:30:58]} f4 {[%clk 0:36:45]} 41. Qxc5 {[%clk 0:22:14]} Rxc5
{[%clk 0:37:02]} 42. Re8 {[%clk 0:19:30]} fxg3 {[%clk 0:35:09]} 43. fxg3
{[%clk 0:19:58]} Ne5 {[%clk 0:32:42]} 44. Kg2 {[%clk 0:19:53]} Ng4
{[%clk 0:29:04]} 45. Rd2 {[%clk 0:17:47]} Rc3 {[%clk 0:28:07]} 46. Kh3
{[%clk 0:14:18]} Nf6 {[%clk 0:27:04]} 47. Rd6 {[%clk 0:12:17]} Kg7 48. Re5
{[%clk 0:12:37]} Nd5 {[%clk 0:25:11]} 49. Rg5+ {[%clk 0:12:46]} Kf8
{[%clk 0:25:12]} 50. Rd8+ {[%clk 0:10:49]} Ke7 {[%clk 0:25:28]} 51. Ra8
{[%clk 0:10:37]} Kf6 {[%clk 0:20:58]} 52. Kg4 {[%clk 0:03:23]} Rc4+
{[%clk 0:15:28]} 53. Kh5 {[%clk 0:03:45]} Nc7 {[%clk 0:15:35]} 54. Rag8
{[%clk 0:02:50]} Ne6 {[%clk 0:11:59]} 55. Ra5 {[%clk 0:01:43]} Ng7+
{[%clk 0:12:09]} 56. Kh6 {[%clk 0:02:10]} Nf5+ {[%clk 0:12:17]} 57. Kh5
{[%clk 0:02:32]} Ng7+ {[%clk 0:12:43]} 58. Kh6 {[%clk 0:03:01]} Nf5+
{[%clk 0:13:08]} 59. Kh7 {[%clk 0:03:04]} Nxh4 {[%clk 0:12:16]} 60. g4
{[%clk 0:02:34]} Ng6 {[%clk 0:10:55]} 61. Rf5+ {[%clk 0:02:55]} Ke6
{[%clk 0:09:58]} 62. Re8+ {[%clk 0:03:08]} Ne7 {[%clk 0:07:20]} 63. Rg5
{[%clk 0:03:33]} Kf6 {[%clk 0:06:43]} 64. Rg7 {[%clk 0:02:28]} Ng6
{[%clk 0:06:38]} 65. g5+ {[%clk 0:02:31]} Kxg5 {[%clk 0:06:56]} 66. Rxf7
{[%clk 0:02:59]} Rf4 {[%clk 0:06:08]} 67. Rc7 {[%clk 0:03:18]} Rf6
{[%clk 0:05:45]} 68. Rg7 {[%clk 0:02:06]} Kf5 {[%clk 0:05:48]} 69. Ra8
{[%clk 0:01:38]} Nf8+ {[%clk 0:05:03]} 70. Kg8 {[%clk 0:01:42]} 1/2-1/2

[Event "World Team Chess Championship"]
[Site "Khanty-Mansiysk, RUS."]
[Date "2017.06.25"]
[Round "8.15"]
[White "Akobian Varuzhan (USA)"]
[Black "Moiseenko Alexander (UKR)"]
[Result "0-1"]
[BlackElo "2677"]
[WhiteElo "2673"]
[LiveChessVersion "1.4.8"]

1. d4 {[%clk 1:30:53]} Nf6 {[%clk 1:30:54]} 2. c4 {[%clk 1:31:09]} e6
{[%clk 1:31:20]} 3. Nc3 {[%clk 1:31:17]} Bb4 {[%clk 1:31:44]} 4. Qc2
{[%clk 1:30:44]} O-O {[%clk 1:31:43]} 5. a3 {[%clk 1:29:47]} Bxc3+
{[%clk 1:31:51]} 6. Qxc3 {[%clk 1:30:11]} b6 {[%clk 1:31:13]} 7. Bg5
{[%clk 1:28:28]} Bb7 {[%clk 1:30:40]} 8. e3 {[%clk 1:28:36]} d6 {[%clk 1:30:14]}
9. Ne2 {[%clk 1:27:59]} Nbd7 {[%clk 1:29:50]} 10. Qc2 {[%clk 1:26:02]} Re8
{[%clk 1:14:19]} 11. Nc3 {[%clk 1:25:20]} Nf8 {[%clk 1:08:51]} 12. f3
{[%clk 1:10:19]} h6 {[%clk 1:05:40]} 13. Bh4 {[%clk 1:10:01]} Ng6
{[%clk 1:04:48]} 14. Bf2 {[%clk 1:10:06]} c5 {[%clk 1:04:17]} 15. Rd1
{[%clk 1:03:36]} Qe7 {[%clk 0:55:22]} 16. Be2 {[%clk 1:02:03]} cxd4
{[%clk 0:51:15]} 17. Rxd4 {[%clk 1:02:03]} d5 {[%clk 0:51:13]} 18. cxd5
{[%clk 1:00:38]} Nxd5 {[%clk 0:51:36]} 19. Nxd5 {[%clk 1:00:13]} Bxd5
{[%clk 0:52:00]} 20. O-O {[%clk 0:58:52]} Rec8 {[%clk 0:49:33]} 21. Qa4
{[%clk 0:56:05]} Ne5 {[%clk 0:43:26]} 22. e4 {[%clk 0:54:54]} Bc6
{[%clk 0:42:14]} 23. Qb4 {[%clk 0:53:05]} Qxb4 {[%clk 0:41:20]} 24. Rxb4
{[%clk 0:47:57]} Be8 {[%clk 0:36:24]} 25. Bg3 {[%clk 0:28:20]} Nc6
{[%clk 0:27:41]} 26. Rc4 {[%clk 0:28:23]} Na5 {[%clk 0:27:39]} 27. Rxc8
{[%clk 0:26:19]} Rxc8 {[%clk 0:28:07]} 28. Rd1 {[%clk 0:21:23]} Ba4
{[%clk 0:24:11]} 29. Rd4 {[%clk 0:21:29]} Bb3 {[%clk 0:21:54]} 30. h4
{[%clk 0:16:13]} Bc4 {[%clk 0:17:38]} 31. Bd1 {[%clk 0:15:47]} Bb3
{[%clk 0:17:03]} 32. Bxb3 {[%clk 0:15:17]} Nxb3 {[%clk 0:17:31]} 33. Rd7
{[%clk 0:15:36]} Rc1+ {[%clk 0:13:02]} 34. Kh2 {[%clk 0:15:43]} Rc2
{[%clk 0:13:04]} 35. Rxa7 {[%clk 0:10:57]} Rxb2 {[%clk 0:13:28]} 36. Ra8+
{[%clk 0:09:11]} Kh7 {[%clk 0:13:54]} 37. Rf8 {[%clk 0:07:56]} f6
{[%clk 0:13:28]} 38. Bf4 {[%clk 0:01:36]} Nd4 {[%clk 0:12:22]} 39. Kh3
{[%clk 0:01:42]} e5 {[%clk 0:11:25]} 40. Bc1 {[%clk 0:30:38]} Ra2
{[%clk 0:33:19]} 41. Be3 {[%clk 0:17:41]} Rxa3 {[%clk 0:26:33]} 42. Bxd4
{[%clk 0:18:04]} exd4 {[%clk 0:27:00]} 43. Rb8 {[%clk 0:17:46]} Rb3
{[%clk 0:26:32]} 44. Rd8 {[%clk 0:18:09]} d3 {[%clk 0:24:53]} 45. h5
{[%clk 0:17:57]} Rc3 {[%clk 0:15:08]} 46. Kg4 {[%clk 0:10:49]} b5
{[%clk 0:06:25]} 47. Kf4 {[%clk 0:03:36]} b4 {[%clk 0:06:07]} 48. Ke3
{[%clk 0:03:58]} b3 {[%clk 0:05:33]} 49. Rb8 {[%clk 0:03:34]} d2+
{[%clk 0:05:17]} 50. Kxd2 {[%clk 0:03:59]} Rc2+ {[%clk 0:05:45]} 51. Ke3
{[%clk 0:00:59]} Rxg2 {[%clk 0:06:00]} 52. f4 {[%clk 0:00:34]} Rg3+
{[%clk 0:04:37]} 53. Kd4 {[%clk 0:00:33]} Rf3 {[%clk 0:04:22]} 54. f5
{[%clk 0:00:41]} Rh3 {[%clk 0:04:43]} 55. Rb7 {[%clk 0:00:00]} 0-1

[Event "World Team Chess Championship"]
[Site "Khanty-Mansiysk, RUS."]
[Date "2017.06.25"]
[Round "8.16"]
[White "Kravtsiv Martyn (UKR)"]
[Black "Robson Ray (USA)"]
[Result "1/2-1/2"]
[BlackElo "2656"]
[WhiteElo "2653"]
[LiveChessVersion "1.4.8"]

1. e4 {[%clk 1:30:57]} c5 {[%clk 1:30:43]} 2. Nf3 {[%clk 1:31:19]} d6
{[%clk 1:30:53]} 3. Bb5+ {[%clk 1:31:19]} Nd7 {[%clk 1:30:33]} 4. O-O
{[%clk 1:30:46]} a6 {[%clk 1:29:59]} 5. Bd3 {[%clk 1:30:58]} Ngf6
{[%clk 1:29:04]} 6. Re1 {[%clk 1:30:25]} e6 {[%clk 1:27:39]} 7. a4
{[%clk 1:29:29]} b6 {[%clk 1:27:13]} 8. c3 {[%clk 1:28:40]} Bb7 {[%clk 1:26:32]}
9. Qe2 {[%clk 1:28:35]} Qc7 {[%clk 1:21:26]} 10. Na3 {[%clk 1:28:07]} Be7
{[%clk 1:20:26]} 11. Bc2 {[%clk 1:27:45]} Rc8 {[%clk 1:16:24]} 12. d3
{[%clk 1:26:47]} O-O {[%clk 1:15:37]} 13. h3 {[%clk 1:26:30]} Rfe8
{[%clk 1:08:32]} 14. Bf4 {[%clk 1:25:23]} Bf8 {[%clk 1:04:48]} 15. Bh2
{[%clk 1:19:48]} e5 {[%clk 1:02:59]} 16. Bb3 {[%clk 1:15:21]} g6 {[%clk 0:55:59]}
17. Nc4 {[%clk 1:00:35]} b5 {[%clk 0:48:21]} 18. axb5 {[%clk 0:52:25]} axb5
{[%clk 0:48:36]} 19. Ne3 {[%clk 0:52:17]} Bc6 {[%clk 0:37:10]} 20. Ra2
{[%clk 0:33:50]} Bh6 {[%clk 0:32:24]} 21. Rea1 {[%clk 0:32:26]} Ra8
{[%clk 0:19:17]} 22. Rxa8 {[%clk 0:25:24]} Rxa8 {[%clk 0:19:07]} 23. Rxa8+
{[%clk 0:25:32]} Bxa8 {[%clk 0:19:29]} 24. c4 {[%clk 0:25:22]} bxc4
{[%clk 0:11:51]} 25. Nxc4 {[%clk 0:23:55]} Bc6 {[%clk 0:08:08]} 26. g4
{[%clk 0:23:48]} Ne8 {[%clk 0:05:34]} 27. Qc2 {[%clk 0:19:08]} Bb5
{[%clk 0:03:31]} 28. Bg3 {[%clk 0:15:47]} Kf8 {[%clk 0:03:29]} 29. Ba2
{[%clk 0:08:00]} Qa7 {[%clk 0:03:02]} 30. Na3 {[%clk 0:08:22]} Ba4
{[%clk 0:02:45]} 31. Qc3 {[%clk 0:07:55]} Bc6 {[%clk 0:00:54]} 32. Bh4
{[%clk 0:04:34]} Qa4 {[%clk 0:00:44]} 33. Ng5 {[%clk 0:02:30]} f6
{[%clk 0:00:36]} 34. Bb3 {[%clk 0:01:42]} Qb4 {[%clk 0:00:40]} 35. Nxh7+
{[%clk 0:01:14]} Kg7 {[%clk 0:00:59]} 36. Nxf6 {[%clk 0:01:35]} Nexf6
{[%clk 0:00:33]} 37. g5 {[%clk 0:02:01]} Nxe4 {[%clk 0:00:32]} 38. gxh6+
{[%clk 0:02:19]} Kh7 {[%clk 0:01:02]} 39. Qxb4 {[%clk 0:01:01]} cxb4
{[%clk 0:01:30]} 40. dxe4 {[%clk 0:30:40]} bxa3 {[%clk 0:31:51]} 41. bxa3
{[%clk 0:31:08]} Bxe4 {[%clk 0:30:09]} 42. Bg5 {[%clk 0:25:16]} Nc5
{[%clk 0:20:36]} 43. Bd1 {[%clk 0:24:55]} Bc6 {[%clk 0:20:12]} 44. h4
{[%clk 0:21:17]} d5 {[%clk 0:19:21]} 45. Bg4 {[%clk 0:17:49]} d4 {[%clk 0:16:09]}
46. f4 {[%clk 0:12:46]} exf4 {[%clk 0:13:43]} 47. Bxf4 {[%clk 0:13:12]} d3
{[%clk 0:05:29]} 48. Kf2 {[%clk 0:10:43]} Ne4+ {[%clk 0:04:56]} 49. Ke3
{[%clk 0:06:08]} d2 {[%clk 0:04:34]} 50. Be2 {[%clk 0:03:21]} Nc3
{[%clk 0:01:50]} 51. Kxd2 {[%clk 0:03:46]} Nb1+ {[%clk 0:02:11]} 52. Ke3
{[%clk 0:01:25]} Nxa3 {[%clk 0:02:24]} 53. Bd3 {[%clk 0:00:42]} Bb5
{[%clk 0:00:37]} 54. Be4 {[%clk 0:00:48]} Bd7 {[%clk 0:00:34]} 55. Kd4
{[%clk 0:00:55]} Bf5 {[%clk 0:00:34]} 56. Bd5 {[%clk 0:00:35]} Nb5+
{[%clk 0:00:33]} 57. Ke5 {[%clk 0:00:55]} Nc3 {[%clk 0:00:32]} 58. Bc4
{[%clk 0:00:40]} Ne4 {[%clk 0:00:42]} 59. Be3 {[%clk 0:00:44]} Kh8
{[%clk 0:00:33]} 60. Bd5 {[%clk 0:00:40]} Nc3 {[%clk 0:00:41]} 61. Bc6
{[%clk 0:00:39]} Kh7 {[%clk 0:00:51]} 62. Bf3 {[%clk 0:00:46]} Bc2
{[%clk 0:00:36]} 63. Bd2 {[%clk 0:00:37]} Bd1 {[%clk 0:00:40]} 64. Bc6
{[%clk 0:00:37]} Ne2 {[%clk 0:01:05]} 65. Bf3 {[%clk 0:00:38]} Nc3
{[%clk 0:01:26]} 66. Bc6 {[%clk 0:00:39]} Ne2 {[%clk 0:01:55]} 67. Be4
{[%clk 0:00:36]} Ng3 {[%clk 0:02:17]} 68. Bd3 {[%clk 0:00:45]} Nf5
{[%clk 0:02:20]} 69. Bg5 {[%clk 0:00:47]} Nxh6 {[%clk 0:02:33]} 70. Bxh6
{[%clk 0:01:13]} Kxh6 {[%clk 0:02:58]} 71. Bxg6 {[%clk 0:01:41]} Kxg6
{[%clk 0:03:25]} 72. h5+ {[%clk 0:02:10]} Bxh5 1/2-1/2